| 000 | 00841 a2200217 4500 | ||
|---|---|---|---|
| 001 | 4204 | ||
| 005 | 20260407155432.0 | ||
| 008 | 260407a2011 arg spa d | ||
| 003 | AR-UNSa-BCEJYS | ||
| 040 |
_aAR-UNSa-BCEJYS _bspa _cAR-UNSa-BCEJYS |
||
| 080 |
_a347.7(094.4) _xCódigo de Comercio |
||
| 245 | 1 | 0 |
_aCódigo de Comercio de la República Argentina _pLeyes complementarias. Índice alfabético y temático |
| 020 | _a978-950-534-037-8 | ||
| 250 | _a29a. ed. | ||
| 264 | 1 |
_aBuenos Aires : _bA-Z Editora _c2011 |
|
| 300 |
_axix, 860 p. _c23 cm. |
||
| 942 | _cBK | ||
| 590 | _aniveau_biblio:m niveau_hierar:0 | ||
| 100 | 1 | _aArgentina [Código de Comercio] | |
| 856 | 4 | 1 |
_uhttps://biblioeco.unsa.edu.ar/pmb/images/libros/C?digo de Comercio de la Rep?blica Argentina Argentina (C?digo de Comercio) (2011).jpg _yImagen de portada _qimage/jpeg |
| 999 |
_c397 _d397 |
||